000 00228 a2200109 4500
001 38587
090 _c24459
_d24459
100 _aGupta R.B
245 _aMachine design, 5/e
250 _a5
260 _aNew Delhi
_bSatya Prakashan
_c1991
942 _aNUST-CAE
999 _c273660
_d273660